Statistiques concernant Personnages des Cités d'Or

Cliquez ici pour prendre le quiz!

Statistiques générales

  • Ce quiz a été pris 157 fois
    (128 depuis la dernière actualisation)
  • Le résultat moyen est 17 sur 50

Statistiques - réponses

IndicePersonnage% Correct
Fils du SoleilEsteban
100%
Dernier descendant du peuple de MuTao
99%
Jeune IncaZia
98%
Navigateur espagnolMendoza
87%
Marin espagnolPedro
85%
Marin espagnolSancho
83%
PerroquetPichu
76%
Seigneur espagnolGomez
63%
Capitaine espagnolGaspard
57%
Femme qui connaît bien le pays MayaMarinché
51%
Chef des ConquistadorsPizarro
49%
Le DocteurFernando Laguerra
45%
Sa filleIsabella Laguerra
45%
Alchimiste de renomAmbrosius
43%
Roi des OlmèquesMaître Ménator
40%
Maya brutalTétéola
39%
Roi de FranceFrançois Ier
37%
Grand Prêtre de la Cité d'OrAthanaos
36%
Général OlmèqueCalmèque
36%
Mystérieux envoyé de Charles QuintZarès
33%
Prêtre de Barcelone ayant élevé EstebanPère Rodriguez
32%
Sage Inca, père de ZiaPapa Camayo
29%
Commandant de l'EsperanzaPerez
26%
Sa fille adoptiveMaïna
25%
Membre de l'ordre du sablier, devinNostradamus
24%
Antique Princesse de MuRana Ori
24%
Chef du Vieux PicKraka
22%
Condor de ZiaPatu
22%
Prince impérial de ChineZhu
16%
Jeune hindoueIndali
15%
Grand moine ShaolinTian Li
15%
Bédouin rencontré à OrmuzMalik
14%
Daimyo de KagoshimaShimazu
14%
Précepteur du prince et maître du temple de la RenaissanceYu Chunhe
14%
Chef OlmèqueMagon
13%
Prêtresse Amazone ayant trahïe sa reineOmuro
13%
Guerrier MayaViracocha
13%
Gardien de l'Utsuro BuneYoshi
13%
Seigneur de ManfuhaJabbar
11%
Sage travaillant sur la muraille de ChineLi Shuang
11%
Sage IncaMayucca
11%
Prince OlmèqueTyrias
11%
Son petit-filsIchiro
10%
Sa petite-filleMariko
10%
Cheikh bédouinHakim
9%
Jeune fille de PékinMei Li
8%
Jeune garçon chinoisZhi
8%
Chef UrubuKuruga
7%
Chien TibétainLong Chow
7%
Jeune hindouGunjan
6%

Distribution des résultats

Percentile par nombre de réponses

% des personnes avec chaque résultat

Votre développement - résultats

Vous n’avez pas pris ce quiz depuis la dernière actualisation